Návrh opatrení na zlepšenie systému vzdelávania výrobných zamestnancov v podniku SAMSUNG Electronics Slovakia s.r.o.
Salvato in:
| Autore principale: | |
|---|---|
| Altri autori: | |
| Natura: | Manoscritto Libro |
| Lingua: | slovacco |
| Pubblicazione: |
2015
|
| Soggetti: | |
| Accesso online: | http://is.stuba.sk/zp/portal_zp.pl?podrobnosti=96717 |
| Tags: |
Nessun Tag, puoi essere il primo ad aggiungerne!!
|
MARC
| LEADER | 00000ntm a22000003a 4500 | ||
|---|---|---|---|
| 001 | stuzp50531 | ||
| 003 | SK-STU | ||
| 005 | 20160719153602.0 | ||
| 007 | ta | ||
| 008 | 150427s2015----xo-----f-mn---000-0-slo-d | ||
| 040 | |a STU |b slo | ||
| 041 | 0 | |a slo | |
| 100 | 1 | |a Pribylinová, Vladimíra |u 064000 |4 aut |U MTF Materiálovotechnologická fakulta |T MTF Ústav priemyselného inžinierstva a manažmentu |X 47298 |U M4000 |Y 84 |7 47298 | |
| 242 | 0 | 1 | |a Proposal of Measures to Improve the Education System of Production Employees in Samsung Electronics Slovakia s.r.o. |y eng |
| 245 | 1 | 0 | |a Návrh opatrení na zlepšenie systému vzdelávania výrobných zamestnancov v podniku SAMSUNG Electronics Slovakia s.r.o. |
| 260 | |c 2015 | ||
| 650 | 4 | |a zamestnanci |2 slo | |
| 650 | 4 | |a školenie |2 slo | |
| 650 | 4 | |a systém vzdelávania |2 slo | |
| 650 | 4 | |a employees |2 eng | |
| 650 | 4 | |a training |2 eng | |
| 650 | 4 | |a the methods of training |2 eng | |
| 700 | 1 | |a Bestvinová, Viera |4 ths |X 1541 |7 A000001541 | |
| 856 | 4 | |u http://is.stuba.sk/zp/portal_zp.pl?podrobnosti=96717 | |
| 996 | |c M* BP-7365 |l MMSKP |s P |a 0 |w stuzp50531_0001 | ||
| SQL | |a stuzp50531 |b DBP |c SLO |d Návrh opatrení na zlepšenie systému vzdelávania výrobných zamestnancov v podniku SAMSUNG Electronics Slovakia s.r.o. |e 47298 |f Pribylinová, Vladimíra |g 064000 |h 1541 |i Bestvinová, Viera |j 20150623 |k 173 |l 06 |m http://is.stuba.sk/zp/portal_zp.pl?podrobnosti=96717 |n B-PPP |o 5.2.52. priemyselné inžinierstvo | ||